MARC

LEADER 00000nam0a2200000 4500
001 265726
005 20231101233938.0
020 |a RU  |b 86-22218 
035 |a (RuTPU)RU\TPU\book\288728 
090 |a 265726 
100 |a 20140630d1986 k y0rusy5003 ca 
101 0 |a rus 
102 |a RU 
105 |a a z 001zy 
200 1 |a Волны в тонкопленочных полупроводниковых структурах с горячими электронами  |f А. А. Барыбин 
210 |a Москва  |c Наука  |d 1986 
215 |a 287 с.  |c ил.  |d 22 см 
225 1 |a Физика полупроводников и полупроводниковых приборов 
320 |a Библиогр.: с. 282-288. 
606 1 |a Полупроводники  |x Электронная теория  |2 stltpush  |3 (RuTPU)RU\TPU\subj\50639  |9 69291 
610 1 |a плазма 
610 1 |a устойчивость 
610 1 |a электромагнитные волны 
610 1 |a электронная теория 
610 1 |a динамика 
610 1 |a уравнения 
610 1 |a анизотропия 
610 1 |a уравнения Максвелла 
610 1 |a флуктуация 
610 1 |a волны 
675 |a 537.311.322:530.145  |v 3 
700 1 |a Барыбин  |b А. А.  |g Анатолий Андреевич  |4 070 
801 0 |a RU  |b RuMRKP  |c 19950704  |g psbo 
801 1 |a RU  |b 63413507  |c 20140630 
801 2 |a RU  |b 63413507  |c 20150512  |g RCR 
942 |c BK